Vieme predpovedať ceny akcií?

Racionálne správanie účastníkov finančného trhu. Investičný problém zadefinovaný ako snaha predpovedať akcie. Model, vďaka ktorému by sme mohli modelovať volatilitu ceny akcie.

Salvato in:
Dettagli Bibliografici
Autore principale: Markovič, Peter, 1974-
Natura: Capitolo di libro
Lingua:slovacco
Soggetti:
Tags: Aggiungi Tag
Nessun Tag, puoi essere il primo ad aggiungerne!!

MARC

LEADER 00000naa a2200000 4500
001 0155308
005 20240502072730.5
041 0 |a slo 
044 |a SK 
245 1 0 |a Vieme predpovedať ceny akcií?  |c Peter Markovič 
520 |a Racionálne správanie účastníkov finančného trhu. Investičný problém zadefinovaný ako snaha predpovedať akcie. Model, vďaka ktorému by sme mohli modelovať volatilitu ceny akcie. 
610 2 0 |a burzovníctvo 
610 2 0 |a trh finančný 
610 2 0 |a investície 
610 2 0 |a akcie 
610 2 0 |a ceny 
610 2 0 |a prognózy 
610 2 0 |a modely 
100 1 |a Markovič, Peter, 1974-